50 maiores municípios por Região - Statistics

Estatísticas Gerais
  • Esse quiz foi jogado 105 vezes
  • A pontuação média é 128 de 250
Estatísticas das Respostas
Região Estado Populção (em Mil Hab) Resposta % Correto
Sudeste SP 12.106 São Paulo
98%
Sudeste MG 2.523 Belo Horizonte
97%
Sudeste SP 1.349 Guarulhos
97%
Sudeste RJ 6.520 Rio de Janeiro
97%
Sudeste SP 1.182 Campinas
92%
Sul SC 289 São José
92%
Sudeste SP 703 São José dos Campos
92%
Sudeste RJ 890 Duque de Caxias
90%
Sudeste MG 676 Uberlândia
88%
Nordeste CE 2.669 Fortaleza
87%
Nordeste RN 884 Natal
87%
Nordeste PE 1.645 Recife
87%
Nordeste BA 2.872 Salvador
87%
Sudeste RJ 499 Niterói
85%
Sudeste SP 682 Ribeirão Preto
85%
Sudeste ES 363 Vitória
85%
Nordeste SE 657 Aracaju
83%
Norte PA 1.398 Belém
83%
Nordeste PB 809 João Pessoa
83%
Nordeste AL 1.118 Maceió
83%
Norte AM 2.279 Manaus
83%
Sudeste SP 827 São Bernardo do Campo
83%
Nordeste PI 864 Teresina
83%
Centro-Oeste MS 954 Campo Grande
82%
Sul SC 654 Joinville
82%
Sudeste SP 697 Osasco
82%
Norte TO 323 Palmas
82%
Nordeste MA 162 Caxias
80%
Sul RS 479 Caxias do Sul
80%
Sul SC 576 Florianópolis
80%
Sul PR 577 Londrina
80%
Sul RS 1.332 Porto Alegre
80%
Sudeste SP 715 Santo André
80%
Sudeste SP 434 Santos
80%
Nordeste MA 1.101 São Luís
80%
Sudeste MG 310 Uberaba
80%
Centro-Oeste DF 2.982 Brasília
78%
Nordeste PB 409 Campina Grande
78%
Sudeste RJ 490 Campos dos Goytacazes
78%
Sul PR 1.829 Curitiba
78%
Centro-Oeste GO 1.494 Goiânia
78%
Sudeste RJ 798 Nova Iguaçu
78%
Sul RS 336 Pelotas
78%
Nordeste PE 392 Olinda
77%
Norte AC 387 Rio Branco
77%
Sudeste SP 450 São José do Rio Preto
77%
Nordeste BA 614 Feira de Santana
75%
Sul PR 295 Foz do Iguaçu
75%
Sudeste MG 563 Juiz de Fora
75%
Norte AP 487 Macapá
75%
Sul PR 425 Maringá
75%
Norte RO 514 Porto Velho
73%
Sul SC 275 Chapecó
72%
Sul SC 225 Criciúma
72%
Sudeste RJ 1.049 São Gonçalo
72%
Sudeste SP 659 Sorocaba
72%
Centro-Oeste GO 415 Anápolis
70%
Sudeste MG 427 Betim
70%
Norte RR 470 Boa Vista
70%
Centro-Oeste MT 682 Cuiabá
70%
Sudeste RJ 298 Petrópolis
70%
Sul SC 380 Blumenau
68%
Sudeste SP 417 Diadema
68%
Nordeste PE 702 Jaboatão dos Guararapes
68%
Nordeste BA 221 Juazeiro
68%
Nordeste CE 270 Juazeiro do Norte
68%
Sudeste SP 409 Jundiaí
68%
Sudeste ES 502 Serra
68%
Sudeste ES 486 Vila Velha
68%
Sul SC 148 Balneário Camboriú
67%
Sudeste RJ 495 Belford Roxo
67%
Sul PR 372 Ponta Grossa
67%
Centro-Oeste MT 244 Rondonópolis
67%
Nordeste RN 297 Mossoró
65%
Sul RS 282 Santa Maria
65%
Nordeste CE 205 Sobral
65%
Nordeste BA 341 Vitória da Conquista
65%
Centro-Oeste GO 550 Aparecida de Goiânia
63%
Sudeste SP 371 Bauru
63%
Sul RS 359 Canoas
63%
Sul PR 364 Cascavel
63%
Nordeste BA 176 Ilhéus
63%
Sul RS 198 Rio Grande
63%
Nordeste AL 234 Arapiraca
62%
Sul SC 151 Brusque
62%
Sudeste MG 658 Contagem
62%
Centro-Oeste MS 243 Dourados
62%
Nordeste BA 149 Porto Seguro
62%
Sudeste SP 347 São Vicente
62%
Sudeste SP 290 Suzano
62%
Sudeste SP 307 Taubaté
62%
Norte PA 507 Ananindeua
60%
Sudeste SP 315 Guarujá
60%
Nordeste BA 221 Itabuna
60%
Norte RO 139 Ji-Paraná
60%
Sudeste SP 462 Mauá
60%
Sudeste SP 397 Piracicaba
60%
Norte PA 357 Santarém
60%
Centro-Oeste MT 196 Sinop
60%
Sudeste MG 280 Governador Valadares
58%
Sul RS 235 Novo Hamburgo
58%
Nordeste PE 349 Petrolina
58%
Sul RS 232 Viamão
58%
Nordeste BA 299 Camaçari
57%
Sudeste ES 387 Cariacica
57%
Nordeste PE 139 Garanhuns
57%
Sul SC 287 Itajaí
57%
Sudeste MG 300 Limeira
57%
Sudeste SP 328 Franca
55%
Sul RS 275 Gravataí
55%
Nordeste MA 254 Imperatriz
55%
Sudeste MG 402 Montes Claros
55%
Sul RS 214 Passo Fundo
55%
Sudeste SP 310 Praia Grande
55%
Norte TO 181 Araguaína
53%
Nordeste PE 361 Caruaru
53%
Nordeste BA 197 Lauro de Freitas
53%
Nordeste PE 331 Paulista
53%
Sul SC 195 Jaraguá do Sul
52%
Centro-Oeste GO 209 Luziânia
52%
Norte AM 101 Parintins
52%
Nordeste PI 153 Parnaíba
52%
Nordeste RN 261 Parnamirim
52%
Sudeste RJ 460 São João de Meriti
52%
Centro-Oeste MT 300 Várzea Grande
52%
Nordeste BA 157 Barreiras
50%
Nordeste CE 361 Caucaia
50%
Nordeste BA 162 Jequié
50%
Sul SC 171 Lages
50%
Norte PA 288 Marabá
50%
Sul RS 245 Palhoça
50%
Sul PR 149 Paranaguá
50%
Centro-Oeste MS 92 Ponta Porã
50%
Centro-Oeste GO 225 Rio Verde
50%
Norte PA 131 Bragança
48%
Sudeste SP 360 Itaquaquecetuba
48%
Sul PR 345 São José dos Pinhais
48%
Norte RO 108 Vilhena
48%
Sul PR 160 Araucária
47%
Nordeste PE 207 Cabo de Santo Agostinho
47%
Nordeste CE 130 Crato
47%
Sul PR 188 Guarapuava
47%
Norte TO 89 Gurupi
47%
Nordeste CE 224 Maracanaú
47%
Sul RS 225 São Leopoldo
47%
Nordeste MA 167 Timon
47%
Norte PA 136 Altamira
45%
Sul RS 194 Alvorada
45%
Sul RS 121 Bagé
45%
Sudeste SP 396 Carapicuíba
45%
Centro-Oeste MS 96 Corumbá
45%
Nordeste SE 181 Nossa Senhora do Socorro
45%
Norte PA 298 Parauapebas
45%
Sul PR 131 Pinhais
45%
Nordeste BA 161 Teixeira de Freitas
45%
Centro-Oeste GO 225 Águas Lindas de Goiás
43%
Centro-Oeste MT 89 Cáceres
43%
Norte AM 112 Itacoatiara
43%
Centro-Oeste GO 107 Itumbiara
43%
Nordeste PB 135 Santa Rita
43%
Centro-Oeste MT 110 Sorriso
43%
Sul PR 158 Toledo
43%
Centro-Oeste MS 132 Três Lagoas
43%
Nordeste BA 155 Alagoinhas
42%
Sul PR 124 Almirante Tamandaré
42%
Sul PR 142 Campo Largo
42%
Sudeste MG 315 Ribeirão das Neves
42%
Sudeste SP 273 Sumaré
42%
Centro-Oeste GO 198 Valparaíso de Goiás
42%
Sul PR 134 Apucarana
40%
Sul SC 141 Cachoeirinha
40%
Sul SC 240 Colombo
40%
Centro-Oeste GO 115 Formosa
40%
Centro-Oeste MT 83 Lucas do Rio Verde
40%
Norte PA 112 Paragominas
40%
Norte AP 118 Santana
40%
Nordeste MA 176 São José de Ribamar
40%
Norte PA 170 Abaetetuba
38%
Nordeste PE 157 Camaragibe
38%
Norte AC 98 Cruzeiro do Sul
38%
Sul PR 121 Umuarama
38%
Norte RO 108 Ariquemes
37%
Centro-Oeste GO 98 Caldas Novas
37%
Norte PA 207 Castanhal
37%
Centro-Oeste GO 73 Goianésia
37%
Norte AM 110 Manacapuru
37%
Norte PA 118 Marituba
37%
Norte PA 96 Tucuruí
37%
Nordeste PE 138 Vitória de Santo Antão
37%
Centro-Oeste MT 69 Barra do Garças
35%
Sul RS 127 Bento Gonçalves
35%
Centro-Oeste GO 114 Catalão
35%
Norte AM 73 Coari
35%
Nordeste CE 127 Itapipoca
35%
Sul RS 138 Santa Cruz do Sul
35%
Centro-Oeste MT 106 Tangará da Serra
35%
Norte AM 79 Tefé
35%
Centro-Oeste GO 142 Trindade
35%
Norte PA 115 Breves
33%
Centro-Oeste GO 103 Novo Gama
33%
Sul RS 136 Sapucaia do Sul
32%
Norte PA 143 Cametá
30%
Centro-Oeste GO 105 Jataí
30%
Centro-Oeste MT 85 Primavera do Leste
30%
Norte PA 75 Tailândia
30%
Centro-Oeste MT 46 Aquidauana
28%
Sul PR 123 Arapongas
28%
Norte RO 97 Cacoal
28%
Centro-Oeste MS 50 Naviraí
28%
Centro-Oeste GO 105 Planaltina
28%
Centro-Oeste MT 58 Alta Floresta
27%
Sul PR 161 Fazenda Rio Grande
27%
Centro-Oeste MS 48 Nova Andradina
27%
Norte AM 72 Tabatinga
27%
Nordeste MA 120 Codó
25%
Sul PR 124 Piraquara
25%
Nordeste BA 136 Simões Filho
25%
Nordeste BA 120 Paulo Afonso
23%
Centro-Oeste GO 72 Santo Antônio do Descoberto
23%
Norte PA 133 Itaituba
22%
Centro-Oeste GO 70 Mineiros
22%
Norte TO 68 Porto Nacional
22%
Sul PR 125 Sarandi
22%
Centro-Oeste GO 155 Senador Canedo
22%
Centro-Oeste MS 47 Sidrolândia
22%
Centro-Oeste O 91 Cidade Ocidental
20%
Norte PA 91 Redenção
20%
Sudeste SP 433 Moji das Cruzes
17%
Norte PA 90 Moju
15%
Norte PA 137 Barcarena
13%
Norte PA 72 Oriximiná
13%
Norte PA 78 Santa Izabel do Pará
13%
Norte PA 74 Capanema
12%
Centro-Oeste GO 62 Cristalina
12%
Centro-Oeste GO 52 Inhumas
10%
Norte PA 86 Canaã dos Carajás
8%
Centro-Oeste MT 45 Juína
7%
Centro-Oeste GO 51 Morrinhos
7%
Norte PA 68 Benevides
5%
Norte AM 67 Iranduba
5%
Centro-Oeste MT 52 Pontes e Lacerda
5%
Norte PA 66 Portel
5%
Norte PA 74 Alenquer
3%
Norte PA 68 Igarapé-Miri
3%
Centro-Oeste MT 55 Nova Mutum
3%
Norte PA 72 Tomé-Açu
3%
Centro-Oeste GO 71 Goianira
2%
Centro-Oeste GO 48 Qurinópolis
2%
Centro-Oeste MT 45 Campo Novo do Parecis
0%
Sudeste SP 279 Toboão da Serra
0%
Nenhum quiz correspondente encontrado
Distribuição das Pontuações
Porcentagem de Pessoas com Cada Pontuação
Percentil de Números Respondidos
Sua Pontuação Histórica
Você não jogou esse quiz